BUBT Library Online Catalog

Principles of financial management : (Record no. 7295)

000 -LEADER
fixed length control field 00755nam a22002297a 4500
003 - CONTROL NUMBER IDENTIFIER
control field BUBTL
008 - FIXED-LENGTH DATA ELEMENTS--GENERAL INFORMATION
fixed length control field 240327b ||||| |||| 00| 0 eng d
020 ## - INTERNATIONAL STANDARD BOOK NUMBER
International Standard Book Number 9789388386579
041 ## - LANGUAGE CODE
Language code of text/sound track or separate title eng
082 ## - DEWEY DECIMAL CLASSIFICATION NUMBER
Classification number 658.15/ Ar15p/ 2019
100 ## - MAIN ENTRY--PERSONAL NAME
9 (RLIN) 5788
Personal name M., Aravind
245 ## - TITLE STATEMENT
Title Principles of financial management :
Remainder of title Practice and decisions /
Statement of responsibility, etc. Aravind M.
250 ## - EDITION STATEMENT
Edition statement 1st ed.
260 ## - PUBLICATION, DISTRIBUTION, ETC. (IMPRINT)
Place of publication, distribution, etc. New Delhi:
Name of publisher, distributor, etc. Viva Books,
Date of publication, distribution, etc. c2019
300 ## - PHYSICAL DESCRIPTION
Extent xix, 385 p.:
Dimensions 23 cm
505 ## - FORMATTED CONTENTS NOTE
Formatted contents note Principles of financial management, Finance, Financial Markets, Instruments and regulators, Time Value of Money, Capital Budgeting
650 #0 - SUBJECT ADDED ENTRY--TOPICAL TERM
9 (RLIN) 39
Topical term or geographic name as entry element Management
650 #0 - SUBJECT ADDED ENTRY--TOPICAL TERM
9 (RLIN) 18
Topical term or geographic name as entry element Finance
856 ## - ELECTRONIC LOCATION AND ACCESS
Password 0
Logon 0
Link text Download
942 ## - ADDED ENTRY ELEMENTS (KOHA)
Source of classification or shelving scheme
Koha item type Books
Holdings
Withdrawn status Lost status Source of classification or shelving scheme Damaged status Not for loan Collection code Permanent location Current location Shelving location Date acquired Source of acquisition Inventory number Total Checkouts Full call number Barcode Date last seen Copy number Price effective from Koha item type
        Not For Loan Non-fiction Bangladesh University of Business and Technology Library Bangladesh University of Business and Technology Library Finance Stacks 01/24/2024 Purchase 29900   658.15/ Ar15p/ 2019 BUBTL-200329900 03/27/2024 C-1 03/27/2024 Books
        Not For Loan Non-fiction Bangladesh University of Business and Technology Library Bangladesh University of Business and Technology Library Finance Stacks 01/24/2024 Purchase 29901   658.15/ Ar15p/ 2019 BUBTL-200329901 03/27/2024 C-2 03/27/2024 Books

More Information About Library

Library Hours

  • Open: 9.00 am. to 9.00 pm.
  • Only Sunday: 9.00 am. to 6.00 pm.
  • Closed: Holiday

Contact to the University

Bangladesh University of Business and Technology Library

  • Mirpurl-2, 1216.
  • Phone:
  • Fax:
  • E-Mail: admin.library@bubt.edu.bd

Contact to the Library

Contact Person:

Md. Abdul Hakim Shah
Joint Librarian
PABX No:  113
Cell No: 01816332931
E-mail: official: admin.library@bubt.edu.bd
Personal: hakim.shah@bubt.edu.bd


BUBT Library

Copyright © 2021